000 00291nam a22001337a 4500
008 170526b xxu||||| |||| 00| 0 eng d
020 _a3540120270
041 _aeng
080 _a002.52
100 _a25
101 _aIM
245 _aKOMMUNIKATIONS-ENDGERATE
_cOHMAN, F
942 _2udc
_cBK
999 _c14395
_d14395